Význam súťažnej politiky v období hospodárskej a dlhovej krízy

Súťažná politika významnou mierou prispieva k podpore konkurencieschopnosti európskeho hospodárstva, čo je viac ako kedykoľvek predtým dôležité na zachovanie ekonomickej, finančnej a sociálnej stability. Preto súťažná politika a reformy posilňujúce hospodársku súťaž musia byť neoddeliteľným aspektom...

Full description

Saved in:
Bibliographic Details
Main Author: Skaličanová, Barbora
Format: Book Chapter
Language:Slovak
Subjects:
Tags: Add Tag
No Tags, Be the first to tag this record!

MARC

LEADER 00000nla a2200000 4500
001 0179697
005 20240502073044.1
041 0 |a slo 
044 |a SK 
245 1 0 |a Význam súťažnej politiky v období hospodárskej a dlhovej krízy  |c Barbora Skaličanová 
520 |a Súťažná politika významnou mierou prispieva k podpore konkurencieschopnosti európskeho hospodárstva, čo je viac ako kedykoľvek predtým dôležité na zachovanie ekonomickej, finančnej a sociálnej stability. Preto súťažná politika a reformy posilňujúce hospodársku súťaž musia byť neoddeliteľným aspektom riadenia hospodárstva. Riešenia dopadov krízy v oblasti hospodárskej súťaže. Poskytnutá štátna pomoc ako percento z HDP, EÚ 27 za roky 2008 – 2011. 
610 2 0 |a kríza 
610 2 0 |a súťaž hospodárska 
610 2 0 |a konkurencieschopnosť 
610 2 0 |a pomoc štátna 
100 1 |a Skaličanová, Barbora